000 00278nam a2200121Ia 4500
008 190216s9999||||xx |||||||||||||| ||und||
100 _aNarendra Nath P
245 0 _aParayipettapanthirukulam
260 _bPrabhath Book House
300 _a232
650 _aNovel
942 _cBK
999 _c27591
_d27591